Alfaquequerías / (Record no. 196830)
[ view plain ]
| 000 -LEADER | |
|---|---|
| campo de control de longitud fija | 00963nam a2200265 i 4500 |
| 001 - NÚMERO DE CONTROL | |
| campo de control | 196830 |
| 003 - IDENTIFICADOR DE NÚMERO DE CONTROL | |
| campo de control | ES-MaACL |
| 005 - FECHA Y HORA DE LA ÚLTIMA TRANSACCIÓN | |
| campo de control | 20250825062707.0 |
| 008 - DATOS DE LONGITUD FIJA--INFORMACIÓN GENERAL | |
| campo de control de longitud fija | 241230b sp ||||| |||| 00| 0 spa d |
| 040 ## - FUENTE DE CATALOGACIÓN | |
| Lengua de catalogación | spa |
| Centro/agencia transcriptor | ES-MaACL |
| 100 1# - ENTRADA PRINCIPAL--NOMBRE DE PERSONA | |
| 9 (RLIN) | 51311 |
| Nombre de persona | Flórez, Rafael, |
| Fechas asociadas al nombre | 1926-2019 |
| Término indicativo de función/relación | Autor |
| 245 ## - MENCIÓN DEL TÍTULO | |
| Título | Alfaquequerías / |
| Mención de responsabilidad, etc. | Rafael Flórez. |
| 264 ## - PRODUCCIÓN, PUBLICACIÓN, DISTRIBUCIÓN, FABRICACIÓN Y COPYRIGHT | |
| Producción, publicación, distribución, fabricación y copyright | [Madrid?] : |
| Nombre del de productor, editor, distribuidor, fabricante | Autoediciones.com, |
| Fecha de producción, publicación, distribución, fabricación o copyright | [2014?] |
| 300 ## - DESCRIPCIÓN FÍSICA | |
| Extensión | 89 páginas ; |
| Dimensiones | 15 cm |
| 336 ## - TIPO DE CONTENIDO | |
| Fuente | rdacontent |
| Término de tipo de contenido | texto |
| 337 ## - TIPO DE MEDIO | |
| Fuente | rdamedia |
| Nombre/término del tipo de medio | sin mediación |
| 338 ## - TIPO DE SOPORTE | |
| Fuente | rdacarrier |
| Nombre/término del tipo de soporte | volumen |
| 655 #7 - TERMINO DE INDIZACIÓN--GENERO/FORMA | |
| Fuente del término | tgfbne |
| Datos o término principal de género/forma | Libros ilustrados |
| 9 (RLIN) | 193653 |
| 852 ## - LOCALIZACIÓN | |
| Ubicación | ES-MaACL |
| Ubicación en estantería | Depósito J |
| Número de control de estantería | N-10271 |
| Donativo/Legado | Donación: José Lázaro García |
| Encuadernación | Encuadernación rústica |
| itemnumber | 206397 |
| 903 ## - NOMBRE PERSONAL DE DONANTE | |
| 9 | 234219 |
| a | Lázaro García, José |
| e | Donante |
| 942 ## - ELEMENTOS DE ENTRADA SECUNDARIOS (KOHA) | |
| Tipo de ítem Koha | Libro impreso |
| Suprimir en OPAC | No |
| Estatus retirado | Estado de pérdida | Fuente del sistema de clasificación o colocación | Estado de daño | No para préstamo | Biblioteca de origen | Biblioteca actual | Ubicación en estantería | Fecha de adquisición | Fuente de adquisición | Total de préstamos | Signatura topográfica completa | Código de barras | Visto por última vez | Precio de reemplazo | Tipo de ítem Koha |
|---|---|---|---|---|---|---|---|---|---|---|---|---|---|---|---|
| Clasificación decimal universal | Biblioteca del Ateneo de Madrid | Biblioteca del Ateneo de Madrid | Depósito J | 29/07/2025 | Donación | N-10271 | 2025-0782 | 29/07/2025 | 29/07/2025 | Libro impreso |
